| 000 | 00851nam a22002531c 4500 | ||
|---|---|---|---|
| 001 | a987676341 | ||
| 008 | 160425s2004 gw |||| 000u ger d | ||
| 020 |
_a3486645889 _93-486-64588-9 |
||
| 041 | _ager | ||
| 100 | 1 | _aMusial, Bogdan | |
| 245 | 0 | 0 |
_aSowjetische Partisanen in Weißrußland : _bInnenansichten aus dem Gebiet Baranoviči 1941-1944 ; eine Dokumentation / _cHrsg. und eingeleitet von Bogdan Musial. Übers. der Dok. aus d. Rus. von Tajana Wanjat |
| 264 |
_aMünchen : _bOldenbourg, _c2004 |
||
| 300 | _a220 S. | ||
| 650 | 0 | _aPartisan | |
| 650 | 0 | _aZweiter Weltkrieg | |
| 651 | 0 | _aSowjetunion | |
| 651 | 0 | _aWeißrussland | |
| 655 | 0 | _aQuelle | |
| 700 | 1 |
_aWanjat, Tatjana _eUebersetzerIn |
|
| 942 | _cMG | ||
| 040 | _cRU-10907106 | ||
| 003 | RU-10907106 | ||
| 999 |
_c37484 _d37484 |
||
| 490 | 0 |
_aSchriftenreihe der Vierteljahrshefte für Zeitgeschichte _v88 |
|